Hombres y mujeres de la colonia /

Guardado en:
Autor Principal: Garavaglia, Juan Carlos
Otros Autores: Fradkin, Raúl., Rabanal, Daniel, ilust.
Formato: Libro
Publicado: Buenos Aires : Sudamericana, 1992
Materias:
Etiquetas: Agregar Etiqueta
Sin Etiquetas, Sea el primero en etiquetar este registro!
LEADER 00794nam a22002055a 4500
001 EHU.bham020331
008 130507s1992##################000#0#####d
005 20260313084913.0
245 1 0 |a Hombres y mujeres de la colonia /  |c Juan Carlos Garavaglia, Raúl Fradkin ; ilustraciones de Daniel Rabanal. 
260 |a Buenos Aires :  |b Sudamericana,  |c 1992 
300 |a 284 p. 
500 |a Ej. 2: reposición de ej. 1, perdido en inundación 7M 2025. 
100 1 |a Garavaglia, Juan Carlos 
700 1 |a Fradkin, Raúl. 
700 1 |a Rabanal, Daniel, ilust. 
082 9 8 |a 982.02 G162 
653 |a Historia argentina-1516-1810 [colonia] 
653 |a Colonialismo 
859 |a AR-BHAM  |b BIB. HUMANIDADES - General  |h 982.02  |i G162  |p 234.96  |t Ej.1 
859 |a AR-BHAM  |b BIB. HUMANIDADES - General  |h 982.02  |i G162  |p 35.26  |t Ej.2